000
00289nam a22001337a 4500
008
170526b xxu||||| |||| 00| 0 eng d
020
_a
0026757532
041
_a
eng
080
_a
62
100
_a
27
101
_a
IM
245
_a
MANUFACTURING TECHNOLOGY
_c
BREMER, K
942
_2
udc
_c
BK
999
_c
14608
_d
14608